000 01104nam a2200325Ia 4500
001 63889
003 IT-RoPAU
008 130308s9999 xx 000 0 und d
040 _aIT-RoPAU
040 _cIT-RoPAU
041 _aITALIANO
100 _aGetino Octavio
100 _gCodice Aut. SPICS: 11264
245 _aVerso un terzo cinema
245 _bCinema e lotta di Liberazione
250 _a1a ed.
260 _aROMA
260 _bSamona' E Savelli
260 _c1970 [1° Ed.:1970 - Ed.Ling.Originale:1969]
300 _a"34 p. (prefazione: no ; testo: 34 [pagine: 41-74])"
500 _aAppunti ed Esperienze per Lo Sviluppo di un Cinema di liberazione nel terzo Mondo Dipendenza e colonizzazione Culturale Modelli Cinematografici Neocoloniali in Argentina Avanzamento e Demistificazione della Tecnica Cinema di Distruzione e Costruzione Categorie del terzo Cinema
650 _aSAGGI SUL CINEMA
650 _eCodice materia Spics: 6811
700 _aSolanas Fernando
700 _gCodice Aut. SPICS: 18560
942 _cBK
957 _71
999 _c56015
_d56015
999 _bSI
999 _g1